| 000 | 00685nam a2200205Ia 4500 | ||
|---|---|---|---|
| 003 | GCL | ||
| 008 | 140319s9999 xx 000 0 ara d | ||
| 040 |
_aGCL / _cGCL |
||
| 082 | 0 | 4 |
_a796.01 _bح ر |
| 100 | 1 | _aحسن احمد الشافعى | |
| 245 | 1 | 0 |
_aالرياضة والقانون: فلسفة التربية الرياضية وتاريخها / _cحسن احمد الشافعى |
| 260 |
_a[S.N] : _bمنشاة المعارف |
||
| 490 | _a | ||
| 650 | 0 | 4 | _aالتربية |
| 650 | 0 | 4 | _aالالعاب الرياضية |
| 650 | 0 | 4 | _aالتربية البدنية |
| 650 | 0 | 4 | _aالجوانب الاخلاقية والدينية |
| 650 | 0 | 4 | _aالكرة |
| 942 |
_2ddc _cBK |
||
| 999 |
_c55973 _d55973 |
||